000 00888cam a22002531i 4500
001 278317
003 EG-ScBUE
005 20250727094422.0
008 730726s1962 nyua f 001 0 eng
040 _aEG-ScBUE
_beng
_erda
_cEG-ScBUE
_dEG-ScBUE
082 0 4 _a541.072
_222
_bEXP
245 0 0 _aExperimental physical chemistry /
_cFarrington Daniels, professor emeritus of chemistry, [and four others]
250 _aSixth edition.
264 1 _aNew York :
_bMcGraw-Hill Book Company, INC.,
_c1962.
300 _axv, 625 pages :
_billustrations ;
_c24 cm
336 _2rdacontent
_atext
_btxt
337 _aunmediated
_2rdamedia
_bn
338 _avolume
_bnc
_2rdacarrier
500 _aIncludes index.
650 7 _aChemistry, Physical and theoretical
_xLaboratory manuals.
_96621
_2BUEsh
655 _vReading book
700 1 _aDaniels, Farrington,
_d1889-1972,
_eauthor.
942 _2ddc
_cBB
999 _c11942
_d11942